[Event "Wch U10"]
[Site "Batumi"]
[Date "2022.09.19"]
[Round "4"]
[White "Aeschbacher, Dimitri"]
[Black "Arzumanyan, Avetik"]
[Result "1-0"]
[WhiteElo "1856"]
[BlackElo "1418"]
[PlyCount "63"]
[EventDate "2022.09.16"]
[EventType "swiss"]
[EventRounds "11"]
[EventCountry "GEO"]
[SourceTitle "EXT 2023"]
[Source "ChessBase"]
[SourceDate "2022.10.05"]
[SourceVersion "1"]
[SourceVersionDate "2022.10.05"]
[SourceQuality "1"]

1. e4 c6 2. d4 d5 3. exd5 cxd5 4. Bd3 Qc7 5. c3 Nc6 6. h3 g6 7. Nf3 Bf5 8. 0-0 e6 9. a4 Bd6 10. Na3 a6 11. Re1 Nf6 12. Bg5 Nd7 13. Bxf5 gxf5 14. Qd3 Ne7 15. c4 Bxa3 16. Qxa3 Nb6 17. cxd5 Nbxd5 18. Rac1 Qb6 19. a5 Qd8 20. Rc5 f6 21. Rxe6 Kf7 22. Re1 fxg5 23. Nxg5+ Kf6 24. Re6+ Kxg5 25. Qg3+ Kh5 26. Qf3+ Kg5 27. h4+ Kxh4 28. Qh3+ Kg5 29. Qh6+ Kg4 30. f3+ Kg3 31. Qh3+ Kf4 32. Qh4# 1-0

[Event "SUI-ch U12"]
[Site "Biel"]
[Date "2022.07.19"]
[Round "4"]
[White "Aeschbacher, Dimitri"]
[Black "Madhavan, Kailash"]
[Result "0-1"]
[WhiteElo "1831"]
[BlackElo "1447"]
[PlyCount "112"]
[EventDate "2022.07.18"]
[EventType "swiss"]
[EventRounds "7"]
[EventCountry "SUI"]
[SourceTitle "EXT 2023"]
[Source "ChessBase"]
[SourceDate "2022.10.05"]
[SourceVersion "1"]
[SourceVersionDate "2022.10.05"]
[SourceQuality "1"]

1. e4 c5 2. Nf3 e6 3. c3 Nc6 4. d4 cxd4 5. cxd4 Nf6 6. Bd3 b6 7. 0-0 Bb7 8. Nc3 Be7 9. Bf4 d5 10. e5 Nh5 11. Be3 g6 12. Bh6 Bf8 13. Bxf8 Kxf8 14. a3 Ng7 15. Nb5 Ba6 16. Qa4 Bxb5 17. Bxb5 Ne7 18. Rac1 h5 19. Rc3 Ngf5 20. Rfc1 a5 21. Rc7 Kg7 22. Rd7 Qf8 23. h3 Rc8 24. Rdc7 Rxc7 25. Rxc7 Qb8 26. Rc3 Rc8 27. Rd3 Rc1+ 28. Kh2 Qc7 29. Rd2 Qc8 30. Qb3 Qc7 31. Qd3 Qc8 32. Ng5 Nc6 33. Nf3 Nce7 34. Re2 Qc7 35. Ne1 Nc6 36. Nc2 Na7 37. Ba4 b5 38. Bb3 a4 39. Ba2 Nc6 40. Qd2 Rxc2 41. Qxc2 Nfxd4 42. Qd3 Nxe2 43. Qxe2 Nxe5 44. g3 Nc4 45. Kg2 Qd6 46. h4 Qc5 47. g4 hxg4 48. Qxg4 d4 49. Bb1 Qd5+ 50. Kh2 Ne5 51. Qg3 Nf3+ 52. Kh3 Nd2 53. Bd3 Qh1+ 54. Kg4 f5+ 55. Kg5 Nf3+ 56. Kf4 e5# 0-1

[Event "SUI-ch U12"]
[Site "Biel"]
[Date "2022.07.18"]
[Round "1"]
[White "Schellenberg, Pascal"]
[Black "Aeschbacher, Dimitri"]
[Result "0-1"]
[WhiteElo "1479"]
[BlackElo "1831"]
[PlyCount "144"]
[EventDate "2022.07.18"]
[EventType "swiss"]
[EventRounds "7"]
[EventCountry "SUI"]
[SourceTitle "EXT 2023"]
[Source "ChessBase"]
[SourceDate "2022.10.05"]
[SourceVersion "1"]
[SourceVersionDate "2022.10.05"]
[SourceQuality "1"]

1. Nf3 Nf6 2. g3 b5 3. Bg2 Bb7 4. d3 e6 5. Nbd2 Be7 6. e4 c5 7. c3 d6 8. Qc2 0-0 9. 0-0 Qb6 10. Re1 Nbd7 11. Nf1 Rac8 12. h4 Ng4 13. N1h2 Ndf6 14. Bg5 Nxh2 15. Nxh2 h6 16. Bxf6 Bxf6 17. Ng4 Be7 18. Ne3 Rfe8 19. Qd2 Bf8 20. f4 Rcd8 21. Kh2 Re7 22. d4 Red7 23. d5 g6 24. Rf1 Bg7 25. Bh3 Re7 26. Bg2 c4 27. a3 Rde8 28. Rae1 f5 29. dxe6 Rxe6 30. Nd5 Bxd5 31. exd5 Re3 32. Rxe3 Qxe3 33. Qxe3 Rxe3 34. Bf3 Kf7 35. Kg2 a5 36. Kf2 Re7 37. Re1 Rb7 38. Be2 b4 39. axb4 axb4 40. Bxc4 bxc3 41. bxc3 Bxc3 42. Re2 Bd4+ 43. Kg2 Rb1 44. Ba6 Rg1+ 45. Kf3 Rc1 46. Bb5 Bc5 47. Be8+ Kg7 48. Bc6 Rf1+ 49. Kg2 Rg1+ 50. Kf3 Rd1 51. Kg2 Ra1 52. Re7+ Kg8 53. Re8+ Kf7 54. Re2 Ra7 55. Be8+ Kg7 56. Bc6 g5 57. hxg5 hxg5 58. fxg5 Kg6 59. Re6+ Kxg5 60. Re2 Ra3 61. Rc2 Bd4 62. Rc4 Be5 63. Rc2 Rxg3+ 64. Kf2 Rh3 65. Rc4 f4 66. Bd7 Rd3 67. Be6 Bd4+ 68. Kg2 Rg3+ 69. Kf1 Bc5 70. Rc2 f3 71. Ke1 Rg2 72. Kd1 f2 0-1

[Event "Purtichju op"]
[Site "Purtichju"]
[Date "2022.07.02"]
[Round "1"]
[White "Aeschbacher, Dimitri"]
[Black "Maurizzi, Marc Andria"]
[Result "0-1"]
[WhiteElo "1831"]
[BlackElo "2506"]
[PlyCount "71"]
[EventDate "2022.07.02"]
[EventType "swiss"]
[EventRounds "9"]
[EventCountry "FRA"]
[SourceTitle "EXT 2023"]
[Source "ChessBase"]
[SourceDate "2022.10.05"]
[SourceVersion "1"]
[SourceVersionDate "2022.10.05"]
[SourceQuality "1"]

1. e4 c5 2. Nf3 e6 3. c3 d5 4. e5 Nc6 5. d4 Bd7 6. Bd3 Rc8 7. a3 cxd4 8. cxd4 Qb6 9. Bc2 Nge7 10. 0-0 Nf5 11. Bxf5 exf5 12. Nc3 Be6 13. Na4 Qb5 14. Nc3 Qa6 15. Bf4 Be7 16. Rc1 0-0 17. Bg5 Bxg5 18. Nxg5 h6 19. Nxe6 fxe6 20. Ne2 f4 21. Rc3 f3 22. Rxf3 Rxf3 23. gxf3 Ne7 24. Qd2 Ng6 25. f4 Nh4 26. f3 Qc4 27. Nc3 Nf5 28. Rd1 Qb3 29. Kh1 Rc4 30. Rg1 Rxd4 31. Qg2 Kf7 32. Ne2 Rd2 33. Qg6+ Ke7 34. Nd4 Rxd4 35. Qh7 Qxf3+ 36. Rg2 0-1

[Event "Serpiano op"]
[Site "Serpiano"]
[Date "2022.04.03"]
[Round "4"]
[White "Mastroddi, Emiliano"]
[Black "Aeschbacher, Dimitri"]
[Result "1-0"]
[WhiteElo "2013"]
[BlackElo "1747"]
[PlyCount "85"]
[EventDate "2022.04.01"]
[EventType "swiss"]
[EventRounds "5"]
[EventCountry "SUI"]
[SourceTitle "CBM 207 Extra"]
[Source "ChessBase"]
[SourceDate "2022.05.31"]
[SourceVersion "1"]
[SourceVersionDate "2022.05.31"]
[SourceQuality "1"]

1. e4 e5 2. Nf3 Nc6 3. Nc3 Nf6 4. d4 exd4 5. Nxd4 Bb4 6. Nxc6 bxc6 7. Bd3 0-0 8. 0-0 d5 9. exd5 cxd5 10. Bg5 c6 11. Qf3 Bd6 12. Rae1 Rb8 13. Nd1 h6 14. Bxf6 Qxf6 15. Qxf6 gxf6 16. b3 d4 17. Nb2 c5 18. Nc4 Bc7 19. Re7 Bb6 20. a4 Ra8 21. Be4 Rb8 22. a5 Bd8 23. Rxa7 Be6 24. Bd3 Re8 25. Ra1 Kh8 26. a6 Rg8 27. Nd6 Rg7 28. Rb7 Ra8 29. Be4 f5 30. Bf3 Bf6 31. Ra2 Rd8 32. a7 Rgg8 33. Rb6 Rge8 34. Nxe8 Rxe8 35. Rb8 Bc8 36. Rxc8 Bd8 37. Rxd8 Kg7 38. Rxe8 c4 39. a8Q d3 40. Ra6 dxc2 41. Rg8+ Kh7 42. Rh8+ Kg7 43. Qg8# 1-0

[Event "Basel op 24th"]
[Site "Basel"]
[Date "2022.03.06"]
[Round "4"]
[White "Aeschbacher, Dimitri"]
[Black "Pahud, Cedric"]
[Result "0-1"]
[WhiteElo "1813"]
[BlackElo "2169"]
[PlyCount "70"]
[EventDate "2022.03.04"]
[EventType "swiss"]
[EventRounds "5"]
[EventCountry "SUI"]
[SourceTitle "EXT 2024"]
[Source "ChessBase"]
[SourceDate "2023.10.10"]
[SourceVersion "1"]
[SourceVersionDate "2023.10.10"]
[SourceQuality "1"]

1. e4 c5 2. Nf3 g6 3. c3 Bg7 4. d4 cxd4 5. cxd4 d5 6. e5 Bg4 7. Bb5+ Nd7 8. Nc3 e6 9. Bd3 a6 10. h3 Bxf3 11. Qxf3 Ne7 12. 0-0 Nc6 13. Ne2 0-0 14. b3 Ndxe5 15. dxe5 Nxe5 16. Qg3 Nxd3 17. Bg5 f6 18. Qxd3 fxg5 19. Rad1 Qd6 20. Rfe1 Rae8 21. Qe3 Rf5 22. g4 Re5 23. Qg3 Rf8 24. Rf1 Qb4 25. Nd4 Re4 26. Nc2 Qc5 27. Ne3 Be5 28. Qg2 Bd4 29. Rc1 Qb6 30. Nc2 Re2 31. Nxd4 Qxd4 32. Rce1 Rfxf2 33. Rxe2 Rxe2+ 34. Rf2 e5 35. Kf1 Qd1# 0-1

[Event "Basel op 24th"]
[Site "Basel"]
[Date "2022.03.05"]
[Round "2"]
[White "Grutter, Tim"]
[Black "Aeschbacher, Dimitri"]
[Result "1-0"]
[WhiteElo "2250"]
[BlackElo "1813"]
[PlyCount "82"]
[EventDate "2022.03.04"]
[EventType "swiss"]
[EventRounds "5"]
[EventCountry "SUI"]
[SourceTitle "EXT 2024"]
[Source "ChessBase"]
[SourceDate "2023.10.10"]
[SourceVersion "1"]
[SourceVersionDate "2023.10.10"]
[SourceQuality "1"]

1. e4 e5 2. Nf3 Nc6 3. Bb5 a6 4. Ba4 Nf6 5. 0-0 b5 6. Bb3 Bc5 7. a4 Rb8 8. c3 d6 9. d4 Bb6 10. a5 Ba7 11. h3 0-0 12. Re1 h6 13. Be3 exd4 14. cxd4 Nb4 15. Nc3 c5 16. dxc5 Bxc5 17. e5 Nh7 18. Qb1 Bxe3 19. Rxe3 d5 20. Nd4 Ng5 21. Qe1 Ne6 22. Nce2 Qe7 23. Nf5 Qg5 24. Nxh6+ Qxh6 25. Qxb4 Bb7 26. Nd4 Qh4 27. Rd1 Nf4 28. Qd2 Qg5 29. Rg3 Qxe5 30. Re1 Qc7 31. Nf5 Ng6 32. Qd4 f6 33. Rxg6 Rf7 34. Qg4 Rd8 35. Nh6+ Kf8 36. Qb4+ Rd6 37. Nxf7 Kxf7 38. Qg4 Kf8 39. Qh5 Qf7 40. Qh8+ Qg8 41. Re8+ Kf7 1-0

[Event "Arco op 43rd"]
[Site "Arco"]
[Date "2021.10.12"]
[Round "4"]
[White "Meyer, Thorsten1111"]
[Black "Aeschbacher, Dimitri"]
[Result "1-0"]
[WhiteElo "1971"]
[BlackElo "1617"]
[PlyCount "94"]
[EventDate "2021.10.09"]
[EventType "swiss"]
[EventRounds "9"]
[EventCountry "ITA"]
[SourceTitle "CBM 204 Extra"]
[Source "ChessBase"]
[SourceDate "2021.11.30"]
[SourceVersion "1"]
[SourceVersionDate "2021.11.30"]
[SourceQuality "1"]

1. e4 e5 2. Nf3 Nc6 3. Bc4 Bc5 4. 0-0 Nf6 5. d3 0-0 6. Be3 d6 7. c3 Bg4 8. h3 Be6 9. Nbd2 a6 10. Bxe6 fxe6 11. Bxc5 dxc5 12. Nc4 Nd7 13. Qe2 b5 14. Ne3 Nf6 15. Rad1 Nh5 16. g3 Nf6 17. Kg2 Qe7 18. Nh2 Nd7 19. Neg4 h5 20. Ne3 h4 21. Qh5 hxg3 22. fxg3 Nf6 23. Qe2 Rad8 24. Nhg4 Rd7 25. Nxf6+ Rxf6 26. Rxf6 Qxf6 27. Ng4 Qd8 28. Nf2 Qf6 29. Qe3 Qe7 30. Rd2 Qd6 31. Rd1 Qe7 32. h4 Na5 33. Ng4 Nc4 34. Qe2 Qd6 35. Nf2 Na5 36. Qg4 Qe7 37. h5 c4 38. h6 Qf6 39. hxg7 Rxg7 40. Qf3 Qxf3+ 41. Kxf3 Rf7+ 42. Ke2 cxd3+ 43. Nxd3 Nc4 44. b3 Nd6 45. Ke3 Rg7 46. Rg1 Rg5 47. Nc5 a5 1-0

[Event "Arco op 43rd"]
[Site "Arco"]
[Date "2021.10.09"]
[Round "1"]
[White "Aeschbacher, Dimitri"]
[Black "Pacher, Simon"]
[Result "0-1"]
[WhiteElo "1617"]
[BlackElo "2012"]
[PlyCount "54"]
[EventDate "2021.10.09"]
[EventType "swiss"]
[EventRounds "9"]
[EventCountry "ITA"]
[SourceTitle "CBM 204 Extra"]
[Source "ChessBase"]
[SourceDate "2021.11.30"]
[SourceVersion "1"]
[SourceVersionDate "2021.11.30"]
[SourceQuality "1"]

1. e4 c5 2. Nf3 d6 3. c3 Nf6 4. h3 Nc6 5. Bd3 h6 6. Bc2 Bd7 7. 0-0 g5 8. Nh2 h5 9. d4 g4 10. hxg4 hxg4 11. Bf4 cxd4 12. cxd4 e5 13. dxe5 dxe5 14. Bg5 Rh5 15. Qc1 Be7 16. g3 Nd4 17. Bxf6 Ne2+ 18. Kg2 Nxc1 19. Bxe7 Kxe7 20. Rxc1 Rxh2+ 21. Kxh2 Qh8+ 22. Kg1 Qh3 23. Nc3 Rh8 24. Nd5+ Kd8 25. f4 Qh1+ 26. Kf2 Rh2+ 27. Ke3 Qf3# 0-1

[Event "Lugano Paradiso op"]
[Site "Lugano"]
[Date "2021.09.05"]
[Round "4"]
[White "Ceccarini, Marco"]
[Black "Aeschbacher, Dimitri"]
[Result "1-0"]
[WhiteElo "1965"]
[BlackElo "1557"]
[PlyCount "51"]
[EventDate "2021.09.03"]
[EventType "swiss"]
[EventRounds "5"]
[EventCountry "SUI"]
[SourceTitle "EXT 2022"]
[Source "ChessBase"]
[SourceDate "2021.10.06"]
[SourceVersion "1"]
[SourceVersionDate "2021.10.06"]
[SourceQuality "1"]

1. e4 e5 2. Bc4 Nf6 3. d4 exd4 4. Nf3 Nc6 5. 0-0 Nxe4 6. Re1 d5 7. Bxd5 Qxd5 8. Nc3 Qa5 9. Nxe4 Be6 10. Neg5 Qd5 11. Nxf7 Kxf7 12. Ng5+ Kf6 13. Rxe6+ Qxe6 14. Nxe6 Kxe6 15. Qg4+ Kd6 16. Bf4+ Kc5 17. Bxc7 g6 18. Qg5+ Kc4 19. b3+ Kc3 20. Rd1 Nb4 21. Qd2+ Kb2 22. Qxd4+ Ka3 23. Rb1 Bg7 24. Qxg7 Nd5 25. Bd6+ Kxa2 26. Qa1# 1-0

[Event "Wil Acrevis op 1st"]
[Site "Wil"]
[Date "2020.06.21"]
[Round "5"]
[White "Baumgartner, Felix"]
[Black "Aeschbacher, Dimitri"]
[Result "0-1"]
[WhiteElo "1396"]
[BlackElo "1238"]
[PlyCount "90"]
[EventDate "2020.06.19"]
[EventType "swiss"]
[EventRounds "5"]
[EventCountry "SUI"]
[SourceTitle "CBM 197 Extra"]
[Source "ChessBase"]
[SourceDate "2020.09.30"]
[SourceVersion "1"]
[SourceVersionDate "2020.09.30"]
[SourceQuality "1"]

1. e4 e5 2. Nf3 Nc6 3. d4 exd4 4. Nxd4 Bc5 5. Nxc6 Qf6 6. Be3 Bxe3 7. fxe3 Qxc6 8. Nc3 Nf6 9. Bd3 Qb6 10. Qd2 0-0 11. Rb1 Ng4 12. Nd5 Qd6 13. Nb4 Qc5 14. Nd5 c6 15. b4 Qd6 16. Nf4 Qh6 17. h3 Qh4+ 18. Kf1 g5 19. Kg1 Ne5 20. Ne2 g4 21. Nd4 Qg3 22. Qf2 Qxf2+ 23. Kxf2 h5 24. Kg3 d6 25. Nf5 Ng6 26. hxg4 hxg4 27. Kxg4 Ne5+ 28. Kg3 Rd8 29. Rh6 Be6 30. Rbh1 Ng6 31. a3 b5 32. Kg4 Ne5+ 33. Kg5 Bxf5 34. exf5 Kf8 35. Kf6 Ng4+ 36. Kg5 Nxh6 37. Rxh6 Ke7 38. Rh3 Rh8 39. Kf4 Rag8 40. Rxh8 Rxh8 41. g4 a5 42. c4 bxc4 43. Bxc4 d5 44. Be2 axb4 45. axb4 Rb8 0-1

[Event "Wil Acrevis op 1st"]
[Site "Wil"]
[Date "2020.06.20"]
[Round "2"]
[White "Aeschbacher, Dimitri"]
[Black "Rappazzo, Johannes"]
[Result "0-1"]
[WhiteElo "1238"]
[BlackElo "1509"]
[PlyCount "108"]
[EventDate "2020.06.19"]
[EventType "swiss"]
[EventRounds "5"]
[EventCountry "SUI"]
[SourceTitle "CBM 197 Extra"]
[Source "ChessBase"]
[SourceDate "2020.09.30"]
[SourceVersion "1"]
[SourceVersionDate "2020.09.30"]
[SourceQuality "1"]

1. e4 c5 2. Nf3 d6 3. c3 Nf6 4. h3 h6 5. Bd3 Nc6 6. Bc2 e6 7. d4 cxd4 8. cxd4 Be7 9. Nc3 Bd7 10. Bf4 Qb6 11. Qd2 Rc8 12. Rb1 Na5 13. Bd3 Nc4 14. Bxc4 Rxc4 15. e5 dxe5 16. dxe5 Ne4 17. Qe2 Nxc3 18. Qxc4 Nxb1 19. Qc2 Bb4+ 20. Kf1 Qa6+ 21. Kg1 Qxa2 22. Kh2 Nc3 23. Bd2 Ba4 24. Qc1 Bc6 25. Bxc3 Bxc3 26. Qxc3 Qa4 27. Nd4 0-0 28. b3 Qa6 29. Ra1 Qb6 30. Nxc6 bxc6 31. Kg1 Rb8 32. Rc1 Qxb3 33. Qxc6 a5 34. Ra1 Qb5 35. Qc3 Qb4 36. Qxb4 axb4 37. Ra2 Kh7 38. g4 Kg6 39. Kg2 b3 40. Rb2 h5 41. f3 Rb4 42. Kg3 hxg4 43. fxg4 f6 44. exf6 Kxf6 45. h4 Ke5 46. g5 g6 47. h5 gxh5 48. Rf2 b2 49. g6 b1Q 50. g7 Qg6+ 51. Kh3 Rb3+ 52. Kh2 Qg3+ 53. Kh1 Rb1+ 54. Rf1 Rxf1# 0-1

[Event "Wil Acrevis op 1st"]
[Site "Wil"]
[Date "2020.06.19"]
[Round "1"]
[White "Louis, Guillaume"]
[Black "Aeschbacher, Dimitri"]
[Result "1-0"]
[WhiteElo "1739"]
[BlackElo "1238"]
[PlyCount "67"]
[EventDate "2020.06.19"]
[EventType "swiss"]
[EventRounds "5"]
[EventCountry "SUI"]
[SourceTitle "CBM 197 Extra"]
[Source "ChessBase"]
[SourceDate "2020.09.30"]
[SourceVersion "1"]
[SourceVersionDate "2020.09.30"]
[SourceQuality "1"]

1. e4 e5 2. Nf3 Nc6 3. Bb5 a6 4. Ba4 Nf6 5. 0-0 b5 6. Bb3 Bc5 7. c3 d6 8. d4 Bb6 9. a4 Rb8 10. a5 Ba7 11. Re1 0-0 12. Bg5 h6 13. Bh4 Bg4 14. d5 Ne7 15. Bxf6 gxf6 16. h3 Bxf3 17. Qxf3 Ng6 18. g3 Kh7 19. Kh2 Rg8 20. Bc2 Qe7 21. Nd2 Rg7 22. Nf1 Rbg8 23. Ne3 Bxe3 24. Rxe3 Nf8 25. Bd3 Nd7 26. b4 Nf8 27. c4 Ng6 28. cxb5 axb5 29. Bxb5 Rb8 30. Bc6 Rxb4 31. a6 Rb8 32. a7 Rgg8 33. axb8Q Rxb8 34. Qf5 1-0